000 00945nam a2200265 a 4500
005 20180803165106.0
008 140311s2003 ck a gr|||| 00| 0 spa d
040 _aCO-BoIAVH
_cCO-BoIAVH
041 0 _aspa
044 _ack
082 0 4 _a346.045
_bP96g
110 2 _bProyecto Somos SINA
245 1 0 _aGuía de planificación ambiental regional :
_bherramientas de prospectiva y participación /
_cSomos SINA
260 _aBogotá :
_bSINA :
_bGTZ :
_bMinisterio del Medio ambiente,
_c2003.
300 _a118 páginas :
_bIlustraciones;
_c21 x 21 cm.
650 6 _aPlanificación ambiental
650 6 _aPolítica ambiental
650 6 _aPlaneación prospectiva
650 6 _aGestión ambiental
650 6 _aDiagnóstico ambiental
662 _aColombia
710 2 _aCooperación Alemana al Desarrollo
710 2 _aColombia.
_bMinisterio del Medio Ambiente
942 _cLIBRO
_2ddc
999 _c3477
_d3477